Villes en A en Vendée (Mort Subite) - Statistiques

Statistiques générales
  • Ce quiz a été pris 122 fois
  • Le résultat moyen est 6 sur 7
Answers on the Grid
Answers color-coded by a green-red scale on the quiz's grid according to % correct below.
Apremont
Arachon
Angoulême
Antigny
Aiguillon sur Vie
Arras
Aiguillon sur Mer
Aubigny Les Clouzeaux
Aizenay
Alençon
Avignon
Angles
 
Statistiques - réponses
Réponse % Correct
Aizenay
93%
Aiguillon sur Mer
90%
Aubigny Les Clouzeaux
89%
Aiguillon sur Vie
89%
Apremont
85%
Angles
78%
Antigny
77%
Aucun quiz correspondant
Distribution des résultats
% des personnes avec chaque résultat
Percentile par nombre de réponses
Votre historique - résultats
Vous n’avez pas pris ce quiz